000 00362nam a2200145Ia 4500
008 230917s9999||||xx |||||||||||||| ||und||
040 _e17387
_aMAIN
041 _aEnglish
082 _a333.7 P115E
100 _aPachauri, R K
245 0 _aEnergy and economic development in india
260 _aNew York
_bPraegev
_c1977
300 _axv,185 p.
942 _cBK
999 _c190546
_d190546